00705nam a22001932 4500001001100000005001700011008004100028020001800069040001500087100004100102245011500143260003800258300001600296650004800312650005900360650004600419650004300465852000300508000002550020151217154550.0151006s xx 000 0 eng d a01409403104 : aKABUcKABU1 aFessha, Yonatan Tesfaye.@000018617210aEthnic diversity and federalism :bconstitution making in South Africa and Ethiopia /cYonatan Tesfaye Fessha. aSurrey, London :bAshgate,c2010. axii, 298 p. 0aMulticulturalismzSouth Africa.@0000186173 0aEthnic groupsxCivil rightszSouth Africa.@0000186174 0aFederal governmentzEthiopia.@0000186175 0aMulticulturalismzEthipia.@00001861761